Państwa graniczące z państwami na literę U - Statystyki

Ogólne statystyki
  • Ten quiz został rozwiązany 33 razy
  • Średni wynik to 16 z 19
Statystyki odpowiedzi
Granice Państwo % Poprawnych
Ukraina Rosja
97%
Urugwaj Argentyna
94%
Ukraina Białoruś
94%
Uzbekistan Kazachstan
94%
Ukraina Polska
94%
Uzbekistan Turkmenistan
94%
Urugwaj Brazylia
90%
Uzbekistan Tadżykistan
90%
Uzbekistan Kirgistan
87%
Ukraina Rumunia
87%
Ukraina Słowacja
87%
Uganda Kenia
84%
Ukraina Mołdawia
84%
Ukraina Węgry
81%
Uganda Rwanda
77%
Uganda Tanzania
77%
Uganda Demokratyczna Republika Konga
74%
Uzbekistan Afganistan
68%
Uganda Sudan Południowy
68%
Nie znaleziono quizów pasujących do podanych kryteriów
Rozkład punktacji
Procent ludzi z każdym wynikiem
Percentyl według liczby udzielonych odpowiedzi
Twoja historia wyników
Nie rozwiązałeś tego quizu